| 000 | 00417nam a22001697a 4500 | ||
|---|---|---|---|
| 999 |
_c4939 _d4937 |
||
| 005 | 20210930160617.0 | ||
| 008 | 160630b xxu||||| |||| 00| 0 eng d | ||
| 020 | _a978-93-80027-54-8 | ||
| 041 | _aeng | ||
| 082 | _b14268 | ||
| 100 |
_aSharma, K K _93210 |
||
| 245 | _aFundamentals of Television & radar engineering | ||
| 260 |
_bKatson _c2011 |
||
| 300 | _a570 | ||
| 650 |
_aDiploma Engineering _9817 |
||
| 942 | _cBK | ||